000 00651nam a2200217 a 4500
005 20240810063829.0
008 021021s2001 mx r 000 0 spa d
020 _a9706515100
035 _aUPN01000120308
049 _aCG
050 4 _aLB1042
_bW6.2
100 1 _aWoloschin de Glaser, Liliana
245 1 0 _aContar cuentos /
_cLiliana Woloschin de Glaser, Antonio Ungar.
260 _aBarcelona, Esp. :
_bRBA :
_bOcéano,
_c2001.
300 _a95 p. :
_bil. col.
650 4 _aNarración de cuentos
_94988
650 4 _aNARRACION DE HISTORIAS
_914875
650 4 _aCuentos infantiles
_96744
700 1 _aUngar, Antonio,
_ecoaut.
905 _aLibro
999 _c92646
_d92646